LDR 00697naa#a2200169#i#450# 001 EN\\bibl\121627 005 20260604085233.4 011 ## _a1998-6785 100 ## _a20221221b2022####ek#y0engy0150####ca 102 ## _aRU 200 1# _aTransformation of the role and importance of the Russian Far East in the regional structure of the country _eJournal article 210 1# _aVladivostok _cVladivostok State University _d2022 215 ## _a6 с. 608 ## _aJournal article _2local 675 ## _aОтношения между народом и государством. Внутриполитическая деятельность (активность). 323.2 _z 700 #1 _aBurlakov _gViktor A 856 4# _aojkum.editorum.ru _u